000 00766nam a2200241Ia 4500
003 OSt
005 20220925190853.0
006 a|||||r|||| 00| 0
007 ta
008 220923b |||||||| |||| 00| 0 eng d
037 _cGeneral Book
040 _aRTL
_cRTL
_beng
041 _2eng
_aeng
082 _aX9(J):(Z).2.N6, L3
100 _aKhusro A M
_992532
245 0 _aEconomics of land reform and farm and farm size in
260 _aBomany
_bMacmillan India
_c1973
300 _axi, 162p. Bibliography P 160-62, Appendix P 139-158
_ccm.
490 _aInstitute of economic Growth, studies in economic growth
650 _aLand Reforms Industry
942 _hX9(J):(Z).2.N6, L3
_cGB
_2CC
999 _c516317
_d516317